ՀՀ Գիտությունների ազգային ակադեմիայի հիմնարար գիտական գրադարան  =   Fundamental Scientific Library of NAS RA

Гремячая поляна : (Record no. 354104)

MARC details
000 -LEADER
fixed length control field 00627nam a2200193 a 4500
001 - CONTROL NUMBER
control field 001097371
003 - CONTROL NUMBER IDENTIFIER
control field AM-YeHGA
005 - DATE AND TIME OF LATEST TRANSACTION
control field 20250617151557.0
008 - FIXED-LENGTH DATA ELEMENTS--GENERAL INFORMATION
fixed length control field 150820s1980 ||| r 000 0 rus d
040 ## - CATALOGING SOURCE
Original cataloging agency AM-YeHGA
041 0# - LANGUAGE CODE
Language code of text/sound track or separate title rus
090 ## - LOCALLY ASSIGNED LC-TYPE CALL NUMBER (OCLC); LOCAL CALL NUMBER (RLIN)
-- 355921
100 1# - MAIN ENTRY--PERSONAL NAME
Personal name Кочин, Николай Иванович
245 10 - TITLE STATEMENT
Title Гремячая поляна :
Remainder of title Роман /
Statement of responsibility, etc. Николай Кочин.
260 ## - PUBLICATION, DISTRIBUTION, ETC.
Place of publication, distribution, etc. Москва :
Name of publisher, distributor, etc. Сов. Россия,
Date of publication, distribution, etc. 1980.
300 ## - PHYSICAL DESCRIPTION
Extent 412 с. :
Other physical details портр.
440 #0 - SERIES STATEMENT/ADDED ENTRY--TITLE
Title Нижегородская отчина
653 0# - INDEX TERM--UNCONTROLLED
Uncontrolled term Крестьянство в Поволжье (х. л.)
Holdings
Withdrawn status Lost status Source of classification or shelving scheme Damaged status Not for loan Collection Home library Current library Date acquired Total checkouts Full call number Barcode Date last seen Price effective from Koha item type Public note
    Universal Decimal Classification     General Fundamental Scientific Library Fundamental Scientific Library 11/01/2017   PII/448997 FL0351821 11/01/2017 11/01/2017 Գրքեր / Books 30 Days Loan


ՀՀ ԳԱԱ հիմնարար գիտական գրադարան
ՀՀ,Երևան 0019
Մարշալ Բաղրամյան 24/6
հեռախոս:(374-10) 52-47-50
Հետադարձ կապ

All site content, except where otherwise noted, is licensed under a
Creative Commons License